[Event "Polanica Zdroj op-A 41st"]
[Site "Polanica Zdroj"]
[Date "2005.08.21"]
[Round "3"]
[White "Warakomski, Tomasz"]
[Black "Iwanikov, Oleg"]
[Result "1-0"]
[WhiteElo "2375"]
[BlackElo "2197"]
[PlyCount "51"]
[EventDate "2005.08.19"]
[EventType "swiss"]
[EventRounds "10"]
[EventCountry "POL"]
[SourceTitle "CBM 108 Extra"]
[Source "ChessBase"]
[SourceDate "2005.11.04"]
[SourceVersion "1"]
[SourceVersionDate "2005.11.04"]
[SourceQuality "1"]

1. e4 d5 2. exd5 Nf6 3. d4 Nxd5 4. Be2 g6 5. Nf3 Bg7 6. 0-0 0-0 7. Re1 Nc6 8. c3 Bg4 9. h3 Bxf3 10. Bxf3 e6 11. Nd2 Qd7 12. Nc4 b5 13. Ne3 Nce7 14. Ng4 Rab8 15. Bg5 Qd6 16. Qd2 c5 17. dxc5 Qxc5 18. Bh6 Rfd8 19. Bxg7 Kxg7 20. Qg5 Nf5 21. Rad1 Qe7 22. Qc1 Nb6 23. Qf4 Qc5 24. Re5 Rxd1+ 25. Bxd1 Nd5 26. Rxf5 1-0